Conversaciones con artistas contemporáneos

Gorde:
Xehetasun bibliografikoak
Egile nagusia: Ulrich Obrist, Hans (autor)
Formatua: Liburua
Hizkuntza:gaztelania
Argitaratua: Santiago Universidad Diego Portales 2014
Edizioa:1a. ed
Gaiak:
Etiketak: Etiketa erantsi
Etiketarik gabe, Izan zaitez lehena erregistro honi etiketa jartzen!

MARC

LEADER 00000cam a2200000 a 4500
001 UCE6599
003 CL-VaPUC
008 150423e20140000cl |||||||||||||||||spa|d
020 |a 9789563142853 
082 0 4 |a 709.04  |b OBR  |2 21 
100 |a Ulrich Obrist, Hans  |e autor  |9 602314 
245 1 0 |a Conversaciones con artistas contemporáneos 
250 |a 1a. ed 
300 |a 380 p 
942 |c BK 
945 |d 20150423 11:40:00  |a arojas 
260 |a Santiago  |b Universidad Diego Portales  |c 2014 
650 0 |a Arte contemporáneo   |y Siglo 20   |9 550908 
650 0 |a Artistas   |9 262026 
650 0 |a Conversaciones  |9 314515 
650 0 |a Arte y sociedad   |9 306277 
650 7 |a GALERIAS DE ARTE  |2 CL-VaPUC  |9 579242 
583 |a last modification  |c 20150423 11:40:00  |k Rodrigo Vera 
999 |c 358886  |d 358884 
952 |0 0  |1 0  |3 erb  |4 0  |6 709_040000000000000_OBR_2014  |7 0  |8 R  |9 467830  |a BIBART  |b BIBART  |i 5146275  |o 709.04 OBR 2014  |p 5146275  |r 2025-03-13  |w 2019-11-23  |y BK_R  |z Catalogado en:20150423  |k ART